Todo pasó frente a nuestros ojos (Registro nro. 310819)
[ vista simple ]
| 000 -ENCABEZADO | |
|---|---|
| Número de control [NR] | 00808 a2200205 4500 |
| 005 - FECHA Y HORA DE LA ÚLTIMA TRANSACCIÓN | |
| control field | 20181102141016.0 |
| 008 - DE LONGITUD FIJA DE DATOS DE ELEMENTOS - INFORMACIÓN GENERAL | |
| Elementos de longitud fija [NR] | 181022s2018 ck ||||| |||| 00| 0 spa d |
| 020 ## - NUMERO INTERNACIONAL NORMALIZADO PARA LIBROS [R] | |
| Número Internacional Normalizado del libro [NR] | 9789585500006 |
| 040 ## - FUENTE DE CATALOGACION [NR] | |
| Agencia de catalogación original [NR] | CO-BoUCM |
| Idioma de catalogación [NR] | spa |
| Quien Cataloga | Doris Forero |
| Quien Clasifica | Doris Forero |
| 041 ## - CODIGO DE IDIOMA [R] | |
| Código de idioma para texto/pista de sonido o título separado [R] | Español |
| 100 10 - ASIENTO PRINCIPAL--NOMBRE PERSONAL [NR] | |
| Nombre personal [NR] | Centro Nacional de Memoria Histórica |
| ID Autoridad | 65458 |
| 245 10 - MENCION DE TITULO [NR] | |
| Título [NR] | Todo pasó frente a nuestros ojos |
| Parte restante del título [NR] | el genocidio de la unión patriótica |
| Mención de responsabilidad, etc. [NR] | Centro Nacional de Memoria Histórica |
| 260 ## - PUBLICACION, DISTRIBUCION, ETC. (PIE DE IMPRENTA) [R] | |
| Lugar de publicación, distribución, etc. [R] | Colombia |
| Nombre del editor, distribuidor, etc. [R] | Centro Nacional de Memoria Histórica |
| Fecha de publicación, distribución, etc. [R] | 2018 |
| 300 ## - DESCRIPCION FISICA [R] | |
| Extensión [R] | 501 páginas |
| Otros detalles físicos [NR] | Ilustraciones |
| 650 #7 - ASIENTO SECUNDARIO DE MATERIA - TERMINO TEMATICO [R] | |
| 9 (RLIN) | 11564 |
| Término temático o nombre geográfico como elemento de entrada [NR] | Conflicto armado |
| Subdivisión general [R] | Colombia |
| 650 #7 - ASIENTO SECUNDARIO DE MATERIA - TERMINO TEMATICO [R] | |
| 9 (RLIN) | 16325 |
| Término temático o nombre geográfico como elemento de entrada [NR] | Genocidio |
| Subdivisión general [R] | Unión patriótica |
| 650 #7 - ASIENTO SECUNDARIO DE MATERIA - TERMINO TEMATICO [R] | |
| 9 (RLIN) | 7695 |
| Término temático o nombre geográfico como elemento de entrada [NR] | Historia |
| Subdivisión general [R] | Genocidio político |
| 942 ## - ELEMENTOS DE ENTRADA AGREGADOS (KOHA) | |
| Tipo de ítem principal el descrito en 300a | Libro |
| Sistema de clasificación | DEWEY |
| Tema principal | Ciencia política |
| Edición | 1 |
| Clasificación | 364.151 |
| Parte restante de la signatura top. | C333 |
| Fecha de último préstamo | Total préstamos | Total Renewals | Signatura topográfica | Código de barras | Última vez visto | Ejemplar | Costo de reposición | Price effective from | Tipo de ítem | Nota pública (OPAC) | Perdido | Sistema de clasificación | Dañado | No prestable | Tipo de ítem específico | Suprimido | Ubicación habitual | Ubicación actual | Localización | Fecha de creación | Proveedor | Forma de adquisición | Costo |
|---|---|---|---|---|---|---|---|---|---|---|---|---|---|---|---|---|---|---|---|---|---|---|---|
| 11/09/2024 | 5 | 4 | 364.151 C333 | 100158387 | 14/05/2026 | Ej.1 | 26000.00 | 09/10/2018 | Libro | Spot Criminología e Investigación Criminal | DEWEY | Libro | Claustro | Claustro | 3er piso | 09/10/2018 | 12 | Donación | 0.00 |